States Without A Professional Sports Team - Statistics

General Stats
  • This quiz has been taken 1,852 times
  • The average score is 21 of 25
Answer Stats
Answer % Correct
Alabama
94%
Alaska
93%
Maine
93%
North Dakota
93%
South Dakota
93%
Montana
91%
Hawaii
90%
Idaho
89%
New Hampshire
89%
Vermont
89%
Wyoming
89%
New Mexico
88%
South Carolina
87%
Arkansas
85%
Rhode Island
85%
Iowa
84%
Mississippi
83%
Delaware
82%
Kentucky
82%
Nebraska
81%
West Virginia
81%
Virginia
79%
Connecticut
78%
Kansas
78%
Nevada
63%
No matching quizzes found
Score Distribution
Percent of People with Each Score
Percentile by Number Answered
Your Score History
You have not taken this quiz